| 000 | 00521nam a2200193Ia 4500 | ||
|---|---|---|---|
| 999 |
_c17499 _d17499 |
||
| 003 | OSt | ||
| 005 | 20210628161216.0 | ||
| 008 | 151021s9999 xx 000 0 und d | ||
| 020 | _a838581145 | ||
| 040 |
_aMMU _beng _cMMU _dMMU |
||
| 050 | _aRT 81.5 .B86 2001 | ||
| 100 | _aOermann, Marilyn H. | ||
| 245 |
_aProfessional Nursing Practice / _bMarilyn Orrmann H. |
||
| 260 |
_aUSA: _bTata McGraw-Hill , _c2001. |
||
| 300 | _axx, 324 p. : | ||
| 500 | _aIncludes index | ||
| 650 | _a_Nursing | ||
| 942 |
_2lcc _cLOAN LOAN |
||